Hướng dẫn nghiên cứu nguyên ký Maketing

Saved in:
Bibliographic Details
Main Author: Không rõ
Format: Book
Language:Vietnamese
Published: TKE 1995
Tags: Add Tag
No Tags, Be the first to tag this record!
Institutions: Mạng thư viện Đại học Đà Nẵng
LEADER 00628nam a2200277 4500
001 000026084
003 1618
005 20150325120000.0
008 150325s vm 000 vie
020 |c 0,0000 
040 |a NOTTS 
100 |a Không rõ 
245 |a Hướng dẫn nghiên cứu nguyên ký Maketing 
260 |b TKE  |c 1995 
300 |a 554tr. ; 
OWN |a LTT 
999 |a From the UDN01 
TYP |a Monograph 
TYP |a Printed language 
980 |a Mạng thư viện Đại học Đà Nẵng